000 00858nam a2200253Ia 4500
003 OSt
005 20220923221533.0
006 a|||||r|||| 00| 0
007 ta
008 RAJ
024 _a197,976
037 _cTextual
040 _aARTS
_cARTS
_bRAJ
041 _2RAJ
_aRAJ
082 _aO1528,1:g, N1
100 _aशेखावत, सौभागय सिंह, संपा.
_9163903
245 0 _aशेखावाटी के वीर गीत
246 _aShekhāvāṭī ke vīr gīta
260 _aजोधपुर
_b राजस्थानी ग्रन्थागार
_c1991
300 _a387पृ0
_ccm.
650 _aहिन्दी साहित्य
_9156264
942 _hO1528,1:g, N1
_cTEXL
_2CC
999 _c349846
_d349846